| 000 | 00527nam a2200193Ia 4500 | ||
|---|---|---|---|
| 003 | GCL | ||
| 005 | 20240530095252.0 | ||
| 008 | 140319s9999 xx 000 0 ara d | ||
| 040 |
_aGCL / _cGCL |
||
| 082 | 0 | 4 |
_a500 _bق/ك أ |
| 100 | 1 | _aكمال داوود مسعود | |
| 245 | 1 | 0 |
_aالهرم مكمن علوم الكون / _cكمال داوود مسعود |
| 300 |
_a312 ص ؛ _c24 سم |
||
| 650 | 0 | 4 | _aالرياضيات |
| 650 | 0 | 4 | _aالفلك |
| 650 | 0 | 4 | _aالاهرام |
| 650 | 0 | 4 | _aالكون |
| 942 |
_2ddc _cBK |
||
| 999 |
_c5627 _d5627 |
||